header

Shakespeare and appropriation (Record no. 65174)

MARC details
000 -LEADER
fixed length control field 01777nam a2200433Ia 4500
082 04 - DEWEY DECIMAL CLASSIFICATION NUMBER
Classification number 822.3/3
245 00 - TITLE STATEMENT
Title Shakespeare and appropriation
260 ## - PUBLICATION, DISTRIBUTION, ETC. (IMPRINT)
Place of publication London ;
-- New York :
Name of publisher Routledge,
Year of publication 1999.
300 ## - PHYSICAL DESCRIPTION
Number of Pages xvi, 240 p.
490 1# - SERIES STATEMENT
Series statement Accents on Shakespeare
650 #0 - SUBJECT ADDED ENTRY--TOPICAL TERM
Topical Term American literature
Topical Term English literature
Topical Term Influence (Literary, artistic, etc.)
Topical Term Imitation in literature.
700 1# - ADDED ENTRY--PERSONAL NAME
Personal name Desmet, Christy,
Personal name Sawyer, Robert,
856 40 - ELECTRONIC LOCATION AND ACCESS
Uniform Resource Identifier http://site.ebrary.com/lib/rucke/Doc?id=10054153

No items available.

© 2026 Rongo University
Contact us: librarian | system librarian | Rongo university